| 000 | 01390nam a2200337 i 4500 | ||
|---|---|---|---|
| 001 | 196839 | ||
| 003 | ES-MaACL | ||
| 005 | 20250803063110.0 | ||
| 008 | 250103b2024 sp ||||| |||| 00| 0 spa d | ||
| 017 |
_aBI 01082-2024 _bOficina Depósito Legal Vizcaya |
||
| 020 | _a9788419751003 | ||
| 040 |
_bspa _cES-MaACL |
||
| 080 | _2658.53(460) | ||
| 080 | _2658.011(460) | ||
| 080 | _2339.92(460) | ||
| 100 | 1 |
_9152139 _aSolaz Alamá, Marta _eaut |
|
| 245 | 1 |
_aEspaña ante los impactos recientes sobre las cadenas de valor globales y la integración comercial internacional / _cMarta Solaz Alamà, Eva Benages Candau, Miguel Ángel Casquet Cano ; dirigido por Francisco Pérez García e Iván Arribas Fernández. |
|
| 250 | _aPrimera edición : julio 2024 | ||
| 260 |
_aBilbao : _bFundación BBVA, _c2024. |
||
| 300 |
_a255 páginas ; _c24 cm |
||
| 336 |
_2rdacontent _atexto |
||
| 337 |
_2rdamedia _asin mediación |
||
| 338 |
_2rdacarrier _avolumen |
||
| 700 |
_9145894 _aBenages Candau, Eva _eaut |
||
| 700 | 1 |
_aCasquet Cano, Miguel Ángel _eaut _9241526 |
|
| 852 |
_aES-MaACL _cDEPOJ _jN-10317 _xEncuadernación rústica con solapas _9206439 _hDonación: Editorial |
||
| 942 |
_cMONOGRAFIA _n0 |
||
| 999 |
_c196839 _d196839 |
||